Ahol egész évben húsvét van még a zengővárkonyi tojásmúzeumban sincs ilyen módszerrel díszített tojás

Podrobná bibliografia
Hlavný autor: Kovács, Ágnes, 1971- (Autor)
Médium: Článok
Jazyk:maďarčina
slovenčina
Fyzický popis:Fotogr.
Predmet:

MARC

LEADER 00000nab a2200000 a 4500
001 vtls001521019
003 SK-MaSNL
005 20260318133210.0
008 050323c20050323xo drzp 0 0hun
015 |a RVGKPD2005/ 
038 |a RVGKPD 
040 |a RVGKPD  |b slo  |c RVGKPD  |e AACR2 
041 0 |a slo 
044 |a xo  |c SK 
080 |a 398.332.12  |2 UDC-MRF-SK2 
100 1 |a Kovács, Ágnes,  |d 1971-   |4 aut  |9 751589 
245 1 0 |a Ahol egész évben húsvét van  |b még a zengővárkonyi tojásmúzeumban sincs ilyen módszerrel díszített tojás  |c Ágnes ovács 
300 |b Fotogr. 
650 0 7 |a kraslice  |2 rvgkpd  |9 13850 
650 0 7 |a výroba kraslíc  |2 rvgkpd  |9 286706 
651 7 |a Rožňava (Slovensko)  |2 rvgkpd  |9 17394 
773 0 |t Új Szó  |g Évf. 58, sz. 68 (23.03.2005) 
773 0 |i [Príl.]  |t Szülőföldünk  |g Évf. 2, sz. 12 (23.03.2005), o. 25 
852 |a RVGKPD  |b KIS3GCP 
992 |a RBX 
999 |c 2100642  |d 2102572